[Event "Mittelfranken-ch Seniors 53rd"]
[Site "Lauf"]
[Date "2004.04.09"]
[Round "6"]
[White "Fischer, Max1111"]
[Black "Tigges, Karl"]
[Result "1-0"]
[WhiteElo "1648"]
[BlackElo "1761"]
[PlyCount "159"]
[EventDate "2004.04.07"]
[EventType "swiss"]
[EventRounds "7"]
[EventCountry "GER"]
[SourceTitle "EXT 2006"]
[Source "ChessBase"]
[SourceDate "2005.11.24"]
[SourceVersion "1"]
[SourceVersionDate "2005.11.24"]
[SourceQuality "1"]

1. Nf3 d5 2. d4 Bf5 3. e3 Nd7 4. Be2 Ngf6 5. Nbd2 e6 6. c4 Bb4 7. cxd5 exd5 8. 0-0 0-0 9. Nb3 h6 10. a3 Bd6 11. g3 Ne4 12. Nfd2 Bh3 13. Re1 f5 14. Bf3 c6 15. Bg2 Ng5 16. f4 Bg4 17. Qc2 Nh3+ 18. Bxh3 Bxh3 19. Nf3 Nf6 20. Kh1 Qe8 21. Ng1 Bg4 22. Kg2 Qe4+ 23. Qxe4 Nxe4 24. h3 Bh5 25. Nd2 Rfe8 26. Ngf3 Kh7 27. Nh2 Bf7 28. Nxe4 Rxe4 29. Bd2 Rae8 30. Nf3 c5 31. dxc5 Bxc5 32. Ne5 Bg8 33. b4 Bd6 34. Nf3 Rc4 35. Nd4 g6 36. Kf3 a6 37. g4 Rf8 38. gxf5 gxf5 39. Rac1 Bf7 40. Rg1 b5 41. Bc3 Bg6 42. Kf2 Be7 43. Kf3 Bf6 44. Ne2 Be7 45. Kg3 Bh5 46. Nd4 Bf6 47. Bb2 Re8 48. Rxc4 dxc4 49. Bc1 Bg6 50. Nf3 c3 51. Nh4 Rd8 52. Nxg6 Rg8 53. Rd1 Rxg6+ 54. Kh2 Bg7 55. Rd5 Rf6 56. Kg3 Kg6 57. Kf3 Rc6 58. Rc5 Rxc5 59. bxc5 Kf6 60. e4 fxe4+ 61. Kxe4 Ke6 62. f5+ Kd7 63. Kd5 a5 64. c6+ Kc7 65. Bf4+ Kc8 66. Kc5 Bf8+ 67. Kxb5 Bxa3 68. Bxh6 c2 69. Kxa5 c1Q 70. Bxc1 Bxc1 71. Kb6 Bd2 72. Kc5 Kc7 73. Kd5 Bb4 74. f6 Bd6 75. Ke6 Kxc6 76. h4 Bf8 77. Kf7 Bh6 78. Kg6 Bf8 79. h5 Kd7 80. h6 1-0

[Event "Mittelfranken-ch Seniors 51st"]
[Site "Zirndorf"]
[Date "2002.??.??"]
[Round "7"]
[White "Boginski, Lotar"]
[Black "Tigges, Karl"]
[Result "1-0"]
[WhiteElo "1743"]
[BlackElo "1658"]
[PlyCount "107"]
[EventDate "2002.03.??"]
[EventType "swiss"]
[EventRounds "7"]
[EventCountry "GER"]
[SourceTitle "EXT 2006"]
[Source "ChessBase"]
[SourceDate "2005.11.24"]
[SourceVersion "1"]
[SourceVersionDate "2005.11.24"]
[SourceQuality "1"]

1. e4 Nf6 2. Nc3 e5 3. Nf3 Bc5 4. Bc4 0-0 5. 0-0 d6 6. d3 c6 7. Bg5 h6 8. Be3 Nbd7 9. a3 b5 10. Ba2 a5 11. Ne2 Bb7 12. c3 Bxe3 13. fxe3 Qb6 14. Qd2 Ng4 15. d4 exd4 16. exd4 Ndf6 17. Ng3 d5 18. e5 Nd7 19. Kh1 Qc7 20. h3 Ngf6 21. Bb1 c5 22. Nf5 Ne4 23. Qe1 Ra6 24. Ne7+ Kh8 25. Nxd5 Bxd5 26. Bxe4 Qc6 27. Bxd5 Qxd5 28. Qd2 Rg6 29. Rad1 c4 30. Rf2 Kg8 31. Rdf1 Rg3 32. Qf4 Rg6 33. Nh4 Re6 34. Qg3 Kh8 35. Rxf7 Rg8 36. Ng6+ Kh7 37. Ne7 Qe4 38. Nxg8 Rg6 39. Qf3 Qc2 40. Rf2 Qb1+ 41. Kh2 Nxe5 42. dxe5 Kxg8 43. Qf5 Qd3 44. Qxd3 cxd3 45. Rd7 Re6 46. Rd5 b4 47. Rxa5 bxa3 48. bxa3 Rc6 49. Rd2 Rxc3 50. a4 Ra3 51. Ra7 Kf8 52. e6 Ke8 53. Rxg7 h5 54. Rb2 1-0

[Event "Mittelfranken-ch Seniors 51st"]
[Site "Zirndorf"]
[Date "2002.??.??"]
[Round "6"]
[White "Tigges, Karl"]
[Black "Scheuerlein, Gerhard"]
[Result "1/2-1/2"]
[WhiteElo "1658"]
[BlackElo "1725"]
[PlyCount "120"]
[EventDate "2002.03.??"]
[EventType "swiss"]
[EventRounds "7"]
[EventCountry "GER"]
[SourceTitle "EXT 2006"]
[Source "ChessBase"]
[SourceDate "2005.11.24"]
[SourceVersion "1"]
[SourceVersionDate "2005.11.24"]
[SourceQuality "1"]

1. e4 e6 2. Nf3 d5 3. exd5 exd5 4. d4 Nf6 5. Bd3 Bd6 6. 0-0 0-0 7. Bg5 Bg4 8. h3 Bh5 9. Nbd2 Nbd7 10. c3 c6 11. Qc2 Qc7 12. Rfe1 Bg6 13. Re2 Bxd3 14. Qxd3 h6 15. Bh4 g5 16. Bxg5 hxg5 17. Nxg5 Bh2+ 18. Kh1 Bf4 19. Ndf3 Rfe8 20. Rae1 Rxe2 21. Rxe2 Bxg5 22. Nxg5 Qf4 23. Nf3 Re8 24. Rxe8+ Nxe8 25. g3 Qe4 26. Qd1 Nef6 27. Kg1 Nh7 28. Nh4 Ndf6 29. Qd2 Qe6 30. g4 Ne4 31. Qf4 Qf6 32. Nf5 Nhg5 33. Kg2 Kh7 34. f3 Nf2 35. h4 Ngh3 36. Qe5 Qxe5 37. dxe5 c5 38. Nd6 d4 39. cxd4 cxd4 40. Nc4 b5 41. Nd2 a5 42. Kg3 b4 43. f4 a4 44. f5 Kg7 45. b3 a3 46. g5 Nxg5 47. hxg5 Nd3 48. Nf3 Nc1 49. Nxd4 Nxa2 50. Nc2 Nc1 51. Na1 Nd3 52. e6 fxe6 53. fxe6 Ne5 54. Kf4 Ng6+ 55. Kf5 Ne7+ 56. Ke5 Kg6 57. Kd6 Nf5+ 58. Kd7 Kxg5 59. e7 Ng7 60. Kc6 Kf6 1/2-1/2

[Event "Mittelfranken-ch Seniors 51st"]
[Site "Zirndorf"]
[Date "2002.??.??"]
[Round "3"]
[White "Tigges, Karl"]
[Black "Wassner, Karl"]
[Result "1-0"]
[WhiteElo "1658"]
[BlackElo "1467"]
[PlyCount "87"]
[EventDate "2002.03.??"]
[EventType "swiss"]
[EventRounds "7"]
[EventCountry "GER"]
[SourceTitle "EXT 2006"]
[Source "ChessBase"]
[SourceDate "2005.11.24"]
[SourceVersion "1"]
[SourceVersionDate "2005.11.24"]
[SourceQuality "1"]

1. e4 e5 2. Nf3 Nf6 3. Bc4 Bc5 4. 0-0 d5 5. exd5 e4 6. d4 exf3 7. dxc5 0-0 8. Qxf3 Bg4 9. Qg3 Qd7 10. h3 Bf5 11. Nc3 a6 12. b4 Nh5 13. Qf3 Bg6 14. Bb2 Qc8 15. Rfe1 Re8 16. Bd3 Nd7 17. Bxg6 hxg6 18. c6 bxc6 19. dxc6 Ne5 20. Qe4 Re6 21. Nd5 Nf6 22. Nxf6+ gxf6 23. Qh4 Kg7 24. f4 Nxc6 25. Rxe6 Qxe6 26. Re1 Qd6 27. a3 Rh8 28. Qf2 Rd8 29. c4 Qd2 30. Re2 Qd1+ 31. Kh2 Qd6 32. c5 Qd7 33. Qh4 Qf5 34. Qf2 Qd3 35. g4 Nd4 36. Re3 Qc2 37. Qxc2 Nxc2 38. Re2 Nd4 39. Bxd4 Rxd4 40. Re7 Rd2+ 41. Kg1 Ra2 42. Rxc7 Rxa3 43. Rb7 Rxh3 44. c6 1-0

[Event "Mittelfranken-ch Seniors 50th"]
[Site "Buechenbach"]
[Date "2001.04.13"]
[Round "3"]
[White "Hein, Manfred"]
[Black "Tigges, Karl"]
[Result "1-0"]
[WhiteElo "2040"]
[BlackElo "1716"]
[PlyCount "115"]
[EventDate "2001.04.??"]
[EventType "swiss"]
[EventRounds "7"]
[EventCountry "GER"]
[SourceTitle "EXT 2006"]
[Source "ChessBase"]
[SourceDate "2005.11.24"]
[SourceVersion "1"]
[SourceVersionDate "2005.11.24"]
[SourceQuality "1"]

1. e4 e5 2. Nf3 Nf6 3. Nc3 Bc5 4. Bc4 0-0 5. 0-0 d6 6. h3 c6 7. d3 b5 8. Bb3 a5 9. a4 b4 10. Ne2 h6 11. Ng3 Be6 12. c3 Bxb3 13. Qxb3 Nbd7 14. d4 Ba7 15. dxe5 dxe5 16. cxb4 Rb8 17. Qc2 Rxb4 18. Qxc6 Qb6 19. Qc2 Qb7 20. Re1 Rc8 21. Qd1 Qc7 22. Re2 Qc4 23. Nf5 Rcb8 24. Nd6 Qb3 25. Qxb3 Rxb3 26. Nb5 Bc5 27. Kf1 Kf8 28. Nd2 Rb4 29. b3 Bd4 30. Rb1 R4xb5 31. axb5 Rxb5 32. Ba3+ Ke8 33. Nc4 Kd8 34. Nd6 Rb6 35. Rc2 Rb8 36. Nxf7+ Ke8 37. Nd6+ Kd8 38. f3 Nh5 39. Nf5 Ba7 40. g4 Nf4 41. Nxg7 a4 42. Nf5 axb3 43. Rc3 Bd4 44. Rcxb3 Ra8 45. h4 Rc8 46. Be7+ Ke8 47. Nd6+ Kxe7 48. Nxc8+ Ke6 49. Rb7 Nd3 50. Rxd7 Kxd7 51. Nb6+ Kc6 52. Nd5 Nf4 53. Nxf4 exf4 54. Ke2 Bf6 55. h5 Bg5 56. Kd3 Bh4 57. Rb8 Bg5 58. Rg8 1-0

[Event "Mittelfranken-ch Seniors 50th"]
[Site "Buechenbach"]
[Date "2001.04.12"]
[Round "1"]
[White "Keller, Wendel"]
[Black "Tigges, Karl"]
[Result "0-1"]
[WhiteElo "1511"]
[BlackElo "1716"]
[PlyCount "152"]
[EventDate "2001.04.??"]
[EventType "swiss"]
[EventRounds "7"]
[EventCountry "GER"]
[SourceTitle "EXT 2006"]
[Source "ChessBase"]
[SourceDate "2005.11.24"]
[SourceVersion "1"]
[SourceVersionDate "2005.11.24"]
[SourceQuality "1"]

1. d4 Nf6 2. c4 c5 3. Nf3 cxd4 4. Qxd4 Nc6 5. Qd1 g6 6. Nc3 Bg7 7. e3 d6 8. Be2 0-0 9. 0-0 a6 10. a3 b6 11. Nd4 Qc7 12. Qc2 Bb7 13. Rd1 Nxd4 14. exd4 e6 15. Be3 Rac8 16. Rac1 Rfe8 17. b3 e5 18. d5 Nd7 19. Ne4 h6 20. h3 f5 21. Nc3 Nf6 22. f3 Kh7 23. Bf2 Nd7 24. a4 Qd8 25. h4 Nf6 26. g3 e4 27. fxe4 Nxe4 28. Nxe4 Rxe4 29. Bf3 Re5 30. Re1 Qe7 31. Re2 Re8 32. Rce1 Qc7 33. Kg2 Rxe2 34. Rxe2 Be5 35. Qd3 Rb8 36. g4 fxg4 37. Bxg4 Bc8 38. Qe4 Bxg4 39. Qxg4 Qf7 40. Re3 h5 41. Qe4 Qf5 42. Qxf5 gxf5 43. Rf3 f4 44. Rd3 Kg6 45. Kf3 Kf5 46. Rd1 b5 47. cxb5 axb5 48. a5 Rc8 49. Rd3 b4 50. a6 Rc2 51. a7 Ra2 52. Rd1 Bf6 53. Rc1 Bc3 54. Be1 Bxe1 55. Rxe1 Rxa7 56. Re4 Rb7 57. Rxf4+ Ke5 58. Ke3 Rb5 59. Rd4 Rb8 60. Kd3 Rg8 61. Rxb4 Rg3+ 62. Kc2 Kxd5 63. Rb5+ Kd4 64. Rxh5 Rg2+ 65. Kd1 d5 66. Rg5 Rh2 67. Rg4+ Ke3 68. b4 d4 69. Rg3+ Ke4 70. Rg4+ Ke3 71. Rg3+ Ke4 72. Rg4+ Kd3 73. Rg3+ Kc4 74. Rg4 Kc3 75. b5 d3 76. Rg1 Rxh4 0-1

[Event "Mittelfranken-ch Seniors 49th"]
[Site "Ansbach"]
[Date "2000.??.??"]
[Round "1"]
[White "Tigges, Karl"]
[Black "Hagen, Joern"]
[Result "1/2-1/2"]
[WhiteElo "1730"]
[BlackElo "1527"]
[PlyCount "85"]
[EventDate "2000.04.??"]
[EventType "swiss"]
[EventRounds "7"]
[EventCountry "GER"]
[SourceTitle "EXT 2006"]
[Source "ChessBase"]
[SourceDate "2005.11.24"]
[SourceVersion "1"]
[SourceVersionDate "2005.11.24"]
[SourceQuality "1"]

1. e4 e6 2. d4 c5 3. d5 exd5 4. exd5 d6 5. c4 Nd7 6. Nf3 g6 7. Bd2 f6 8. Be2 Nh6 9. 0-0 Bg7 10. Qc1 Nf7 11. Nc3 0-0 12. Ne4 Nde5 13. Nxe5 fxe5 14. Bc3 Bf5 15. Ng3 Ng5 16. f3 Bh6 17. Bd2 b6 18. h4 Nxf3+ 19. Bxf3 Bxd2 20. Qxd2 Qxh4 21. Nxf5 Rxf5 22. Qf2 Qxc4 23. Qe3 Raf8 24. b3 Qf4 25. Rfe1 Qg3 26. Be4 Qxe3+ 27. Rxe3 Rf4 28. a4 a5 29. Kh2 Rh4+ 30. Kg3 Rff4 31. Bf3 Rd4 32. Rae1 Rhf4 33. Re4 Rfxe4 34. Rxe4 Rxd5 35. Re1 Rd3 36. Kg4 Kg7 37. Bc6 Rxb3 38. Rd1 Rb4+ 39. Kg3 Rd4 40. Rf1 g5 41. Rb1 Rb4 42. Rh1 h6 43. Rd1 1/2-1/2

[Event "Mittelfranken-ch Seniors 49th"]
[Site "Ansbach"]
[Date "2000.??.??"]
[Round "5"]
[White "Tigges, Karl"]
[Black "Mueller, Rudolf2222"]
[Result "0-1"]
[WhiteElo "1730"]
[BlackElo "1926"]
[PlyCount "116"]
[EventDate "2000.04.??"]
[EventType "swiss"]
[EventRounds "7"]
[EventCountry "GER"]
[SourceTitle "EXT 2006"]
[Source "ChessBase"]
[SourceDate "2005.11.24"]
[SourceVersion "1"]
[SourceVersionDate "2005.11.24"]
[SourceQuality "1"]

1. e4 c5 2. Ne2 d6 3. d4 cxd4 4. Nxd4 Nf6 5. Bd3 a6 6. c4 e5 7. Nc2 Be6 8. Nc3 Qc7 9. Nd5 Bxd5 10. cxd5 Nbd7 11. Bg5 Be7 12. Ne3 h6 13. Bxf6 Bxf6 14. 0-0 0-0 15. Rc1 Qb8 16. Bb1 Bg5 17. Qe2 Bxe3 18. Qxe3 a5 19. f4 f6 20. Qh3 Qa7+ 21. Kh1 Nc5 22. Rc3 b5 23. Rg3 Kh8 24. Rg6 Qf7 25. f5 Rac8 26. Qf3 b4 27. Qe3 Na4 28. Rf2 Qa7 29. Qe2 Qxf2 30. Qxf2 Rc1+ 31. Qg1 Rxg1+ 32. Kxg1 Nxb2 33. Rg3 Rc8 34. Rf3 Na4 35. Rf1 Rc3 36. Kf2 Kg8 37. Rd1 Kf8 38. Rd2 Nc5 39. Ke2 Ke7 40. Rc2 Nxe4 41. Rb2 Nc5 42. Rc2 Rxc2+ 43. Bxc2 Kd8 44. Kd2 Kc7 45. Bd1 Kb6 46. Kc2 a4 47. Bh5 Ne4 48. Bf3 Nc3 49. a3 e4 50. Bh5 Nxd5 51. axb4 Kb5 52. Bf7 Nxb4+ 53. Kc3 a3 54. Bc4+ Kc5 55. Bb3 d5 56. Bd1 d4+ 57. Kb3 a2 58. Kb2 d3 0-1

[Event "Mittelfranken-ch Seniors"]
[Site "Roethenbach"]
[Date "1996.??.??"]
[Round "1"]
[White "Tigges, Karl"]
[Black "Fischer, Hermann"]
[Result "1-0"]
[WhiteElo "1780"]
[BlackElo "1605"]
[PlyCount "59"]
[EventDate "1996.??.??"]
[EventType "swiss"]
[EventRounds "7"]
[EventCountry "GER"]
[SourceTitle "EXT 2004"]
[Source "ChessBase"]
[SourceDate "2003.11.25"]
[SourceVersion "1"]
[SourceVersionDate "2003.11.25"]
[SourceQuality "1"]

1. e4 e6 2. d4 d5 3. Bd3 c5 4. c3 Nc6 5. Nf3 Qb6 6. exd5 exd5 7. Qe2+ Be7 8. dxc5 Qxc5 9. Bf4 Be6 10. 0-0 h6 11. b4 Qb6 12. b5 Nb8 13. Nd4 Nf6 14. Nxe6 Qxe6 15. Qxe6 fxe6 16. Re1 Kf7 17. c4 Nbd7 18. Nd2 Nb6 19. Nf3 Nfd7 20. cxd5 Nxd5 21. Be5 Bf6 22. h4 Bxe5 23. Nxe5+ Nxe5 24. Rxe5 Rhd8 25. h5 Nf4 26. Bc4 Rd4 27. Bb3 Re8 28. g3 Nd3 29. Re3 Kf6 30. Rd1 1-0